MCSE study guide : (Record no. 174904)
[ view plain ]
| 000 -LEADER | |
|---|---|
| fixed length control field | 00838 a2200229 4500 |
| 003 - CONTROL NUMBER IDENTIFIER | |
| control field | Nust |
| 005 - DATE AND TIME OF LATEST TRANSACTION | |
| control field | 20230531110839.0 |
| 010 ## - LIBRARY OF CONGRESS CONTROL NUMBER | |
| LC control number | 96014057 |
| 020 ## - INTERNATIONAL STANDARD BOOK NUMBER | |
| International Standard Book Number | 8187105054 |
| 040 ## - CATALOGING SOURCE | |
| Transcribing agency | Nust |
| 082 00 - DEWEY DECIMAL CLASSIFICATION NUMBER | |
| Classification number | 005.36,MCL |
| 100 1# - MAIN ENTRY--PERSONAL NAME | |
| Personal name | McLaren, Tim, |
| 9 (RLIN) | 112905 |
| 245 10 - TITLE STATEMENT | |
| Title | MCSE study guide : |
| Remainder of title | TCP/IP and systems management server / |
| Statement of responsibility, etc. | Tim McLaren, Stephen Myers. |
| 246 3# - VARYING FORM OF TITLE | |
| Title proper/short title | Microsoft certified systems engineer study guide |
| 260 ## - PUBLICATION, DISTRIBUTION, ETC. | |
| Place of publication, distribution, etc. | Indianapolis, Ind. : |
| Name of publisher, distributor, etc. | New Riders, |
| Date of publication, distribution, etc. | c1996. |
| 300 ## - PHYSICAL DESCRIPTION | |
| Extent | xxi, 1138 p. : |
| Other physical details | ill. ; |
| Dimensions | 23 cm. + |
| Accompanying material | 1 computer laser optical disc (4 3/4 in.) |
| 505 ## - FORMATTED CONTENTS NOTE | |
| Formatted contents note | Introduction (Page-1), TCP/IP (Page-9), SMS (Page-485). |
| 650 #0 - SUBJECT ADDED ENTRY--TOPICAL TERM | |
| Topical term or geographic name entry element | Electronic data processing personnel |
| General subdivision | Certification. |
| 9 (RLIN) | 81704 |
| 650 #0 - SUBJECT ADDED ENTRY--TOPICAL TERM | |
| Topical term or geographic name entry element | Microsoft software |
| General subdivision | Study and teaching. |
| 9 (RLIN) | 94343 |
| 700 1# - ADDED ENTRY--PERSONAL NAME | |
| Personal name | Myers, Stephen. |
| 9 (RLIN) | 112906 |
| 942 ## - ADDED ENTRY ELEMENTS (KOHA) | |
| Source of classification or shelving scheme | |
| Koha item type | Book |
| Withdrawn status | Lost status | Source of classification or shelving scheme | Damaged status | Not for loan | Permanent Location | Current Location | Shelving location | Date acquired | Full call number | Barcode | Date last seen | Price effective from | Koha item type | Public note |
|---|---|---|---|---|---|---|---|---|---|---|---|---|---|---|
| Military College of Signals (MCS) | Military College of Signals (MCS) | General Stacks | 12/12/2016 | 005.36,MCL | MCS26996 | 12/08/2016 | 12/12/2016 | Book | Almirah No.80, Shelf No.5 |
